<?xml version="1.0" encoding="UTF-8"?>
<record
    xmlns:xsi="http://www.w3.org/2001/XMLSchema-instance"
    xsi:schemaLocation="http://www.loc.gov/MARC21/slim http://www.loc.gov/standards/marcxml/schema/MARC21slim.xsd"
    xmlns="http://www.loc.gov/MARC21/slim">

  <leader>00761na  a2200217   4500</leader>
  <controlfield tag="001">18713</controlfield>
  <controlfield tag="003">MIRAKIL</controlfield>
  <controlfield tag="005">20181213155042.0</controlfield>
  <controlfield tag="008">161124b        tu            000 0      </controlfield>
  <datafield tag="040" ind1=" " ind2=" ">
    <subfield code="a">Milas</subfield>
    <subfield code="b">tur</subfield>
    <subfield code="c">TR-AnCHP</subfield>
  </datafield>
  <datafield tag="041" ind1=" " ind2=" ">
    <subfield code="a">tur</subfield>
  </datafield>
  <datafield tag="082" ind1=" " ind2=" ">
    <subfield code="a">327.1 </subfield>
    <subfield code="b">T96 2002</subfield>
  </datafield>
  <datafield tag="090" ind1=" " ind2=" ">
    <subfield code="a">327.1 T96 2002</subfield>
  </datafield>
  <datafield tag="245" ind1=" " ind2=" ">
    <subfield code="a">T&#xFC;rkiye'nin Avrupa Birli&#x11F;ine kat&#x131;l&#x131;m s&#xFC;recine il&#x15F;kin 2002 y&#x131;l&#x131; ilerleme raporu</subfield>
    <subfield code="c">Devlet Planlama Te&#x15F;kilat&#x131;</subfield>
  </datafield>
  <datafield tag="260" ind1=" " ind2=" ">
    <subfield code="a">Ankara </subfield>
    <subfield code="b">Devlet Planlama Te&#x15F;kilat&#x131;</subfield>
    <subfield code="c">2002</subfield>
  </datafield>
  <datafield tag="300" ind1=" " ind2=" ">
    <subfield code="a">142 s.</subfield>
    <subfield code="b">tbl.;</subfield>
    <subfield code="c">26 sm.</subfield>
  </datafield>
  <datafield tag="610" ind1=" " ind2=" ">
    <subfield code="a">Devlet Planlama Te&#x15F;kilat&#x131; (DPT)</subfield>
    <subfield code="b">Avrupa Birli&#x11F;i &#x130;le &#x130;li&#x15F;kiler Genel M&#xFC;d&#xFC;rl&#xFC;&#x11F;&#xFC;</subfield>
  </datafield>
  <datafield tag="650" ind1=" " ind2=" ">
    <subfield code="a">Avrupa Birli&#x11F;i</subfield>
    <subfield code="x">raporlar, 2002</subfield>
  </datafield>
  <datafield tag="651" ind1=" " ind2=" ">
    <subfield code="a">T&#xFC;rkiye</subfield>
    <subfield code="x">Avrupa Birli&#x11F;i &#xDC;yelik</subfield>
    <subfield code="y">raporlar</subfield>
  </datafield>
  <datafield tag="942" ind1=" " ind2=" ">
    <subfield code="2">dcc</subfield>
    <subfield code="c">BKS</subfield>
  </datafield>
  <datafield tag="952" ind1=" " ind2=" ">
    <subfield code="a">0001</subfield>
    <subfield code="b">0001</subfield>
    <subfield code="d">2016-11-24</subfield>
    <subfield code="e">2</subfield>
    <subfield code="l">0</subfield>
    <subfield code="o">327.1 T96 2002</subfield>
    <subfield code="p">009968</subfield>
    <subfield code="r">2016-11-24 00:00:00</subfield>
    <subfield code="v">0.00</subfield>
    <subfield code="w">2016-11-24</subfield>
    <subfield code="y">BKS</subfield>
  </datafield>
  <datafield tag="999" ind1=" " ind2=" ">
    <subfield code="c">5639</subfield>
    <subfield code="d">5639</subfield>
  </datafield>
</record>
